[Event "Asia-ch Amateur"]
[Site "Dubai"]
[Date "2023.09.01"]
[Round "7"]
[White "Ahmad, Al Romaithi"]
[Black "Al Abdali, Zeyad Saleh"]
[Result "1-0"]
[WhiteElo "1926"]
[BlackElo "1756"]
[PlyCount "65"]
[EventDate "2023.08.28"]
[EventType "swiss"]
[EventRounds "9"]
[EventCountry "UAE"]
[SourceTitle "EXT 2024"]
[Source "ChessBase"]
[SourceDate "2023.10.10"]
[SourceVersion "1"]
[SourceVersionDate "2023.10.10"]
[SourceQuality "1"]

1. e4 c5 2. Nf3 e6 3. d4 cxd4 4. Nxd4 Nf6 5. Nc3 Nc6 6. Nxc6 bxc6 7. e5 Nd5 8. Ne4 Bb7 9. c4 Nb4 10. Bd2 c5 11. Nd6+ Bxd6 12. exd6 Bc6 13. a3 Na6 14. b4 Bb7 15. b5 Nb8 16. Bd3 Qf6 17. 0-0 Qd4 18. Qe2 Qxd6 19. Bc3 0-0 20. Bxh7+ Kxh7 21. Qh5+ Kg8 22. Bxg7 Kxg7 23. Qg5+ Kh7 24. Rad1 Qxd1 25. Rxd1 Rg8 26. Qh4+ Kg7 27. Rd3 Nc6 28. bxc6 Bxc6 29. Qe7 Be4 30. Rxd7 Rab8 31. Qxf7+ Kh6 32. Qf4+ Kh5 33. Qxe4 1-0

[Event "Asia-ch Amateur"]
[Site "Dubai"]
[Date "2023.08.31"]
[Round "6"]
[White "He, Canzhou"]
[Black "Ahmad, Al Romaithi"]
[Result "1-0"]
[WhiteElo "1841"]
[BlackElo "1926"]
[PlyCount "75"]
[EventDate "2023.08.28"]
[EventType "swiss"]
[EventRounds "9"]
[EventCountry "UAE"]
[SourceTitle "EXT 2024"]
[Source "ChessBase"]
[SourceDate "2023.10.10"]
[SourceVersion "1"]
[SourceVersionDate "2023.10.10"]
[SourceQuality "1"]

1. d4 Nf6 2. c4 g6 3. Nf3 Bg7 4. g3 0-0 5. Bg2 d5 6. 0-0 dxc4 7. Na3 c3 8. bxc3 c5 9. Bb2 Nc6 10. Re1 Qb6 11. Nc4 Qb5 12. Qb3 Qxb3 13. axb3 cxd4 14. Nxd4 Bd7 15. Na5 Rab8 16. Naxc6 bxc6 17. Ba3 Rfe8 18. Bb4 Nd5 19. Bxd5 cxd5 20. Rxa7 Bxd4 21. Rxd7 Rec8 22. Bxe7 Bxc3 23. Rc1 Rxb3 24. Bf6 h5 25. Rxd5 Kh7 26. Rd3 Bxf6 27. Rxc8 Rb7 28. Rc6 Be7 29. Rdc3 Bd8 30. Rc8 Ba5 31. R3c5 Bb6 32. Rc4 Ba5 33. Kg2 Re7 34. e3 Kg7 35. R4c5 Bb6 36. Rb5 Ba7 37. Rc4 Rd7 38. Kf3 1-0

[Event "Asia-ch Amateur"]
[Site "Dubai"]
[Date "2023.08.30"]
[Round "4"]
[White "Safarullakhan, Safin"]
[Black "Ahmad, Al Romaithi"]
[Result "0-1"]
[WhiteElo "1696"]
[BlackElo "1926"]
[PlyCount "138"]
[EventDate "2023.08.28"]
[EventType "swiss"]
[EventRounds "9"]
[EventCountry "UAE"]
[SourceTitle "EXT 2024"]
[Source "ChessBase"]
[SourceDate "2023.10.10"]
[SourceVersion "1"]
[SourceVersionDate "2023.10.10"]
[SourceQuality "1"]

1. Nf3 Nf6 2. d4 g6 3. c4 Bg7 4. Nc3 d5 5. cxd5 Nxd5 6. e4 Nxc3 7. bxc3 c5 8. Be3 Nc6 9. Rc1 Qa5 10. Qd2 cxd4 11. cxd4 Qxd2+ 12. Kxd2 0-0 13. d5 Rd8 14. Bd3 Nb4 15. Bb1 e6 16. Rc4 Nc6 17. Ke2 exd5 18. exd5 Rxd5 19. Be4 Ra5 20. Bxc6 bxc6 21. Rc2 Ba6+ 22. Kd1 Rd8+ 23. Bd2 Rb5 24. Rxc6 Bb7 25. a4 Rf5 26. Rc7 Bxf3+ 27. gxf3 Rfd5 28. Rc2 Bh6 29. Ke2 Rxd2+ 30. Rxd2 Rxd2+ 31. Kf1 Rd1+ 32. Kg2 Rxh1 33. Kxh1 Kf8 34. Kg2 Ke7 35. Kf1 Kd6 36. Ke2 Bf4 37. h3 a5 38. Kd3 Kd5 39. Kc3 Bh2 40. Kd3 Bf4 41. Kc3 g5 42. Kd3 h5 43. Kc3 h4 44. Kd3 f6 45. Kc3 Bg3 46. Kd3 Bxf2 47. Ke2 Bd4 48. Kd3 Be5 49. Ke3 Kc4 50. Kd2 Kb3 51. Kc1 Kxa4 52. Kc2 Kb4 53. Kb1 a4 54. Ka2 a3 55. Kb1 Kb3 56. Kc1 a2 57. Kd2 a1Q 58. Ke3 Qe1+ 59. Kd3 Qg3 60. Ke4 Qf4+ 61. Kd5 Qxf3+ 62. Ke6 Qxh3+ 63. Kf7 g4 64. Ke7 g3 65. Kf7 g2 66. Ke7 g1Q 67. Kf8 Bd6+ 68. Kf7 Qd7+ 69. Kxf6 Qgg7# 0-1

[Event "Asia-ch Amateur"]
[Site "Dubai"]
[Date "2023.08.29"]
[Round "3"]
[White "Ahmad, Al Romaithi"]
[Black "Muhammed, Zahid"]
[Result "1-0"]
[WhiteElo "1926"]
[BlackElo "1567"]
[PlyCount "51"]
[EventDate "2023.08.28"]
[EventType "swiss"]
[EventRounds "9"]
[EventCountry "UAE"]
[SourceTitle "EXT 2024"]
[Source "ChessBase"]
[SourceDate "2023.10.10"]
[SourceVersion "1"]
[SourceVersionDate "2023.10.10"]
[SourceQuality "1"]

1. e4 c5 2. Nf3 e6 3. d4 cxd4 4. Nxd4 a6 5. Nc3 Qc7 6. Bd3 Nf6 7. Qe2 Bb4 8. Bd2 d6 9. a3 Bxc3 10. Bxc3 Nbd7 11. 0-0-0 b5 12. Bxb5 0-0 13. Bxd7 Bxd7 14. Nb3 Bb5 15. Qe3 Rac8 16. Qd4 Rfd8 17. Rd2 Qc6 18. f3 d5 19. Rhd1 dxe4 20. Qxd8+ Rxd8 21. Rxd8+ Ne8 22. Nd4 Qb6 23. Nxb5 Qxb5 24. Rxe8+ Qxe8 25. Ba5 exf3 26. gxf3 1-0

[Event "Dubai op-B 23rd"]
[Site "Dubai"]
[Date "2023.06.04"]
[Round "9"]
[White "Jaiveer, Mahendru"]
[Black "Ahmad, Al Romaithi"]
[Result "1-0"]
[WhiteElo "1716"]
[BlackElo "1845"]
[PlyCount "99"]
[EventDate "2023.05.27"]
[EventType "swiss"]
[EventRounds "9"]
[EventCountry "UAE"]
[SourceTitle "CBM 214 Extra"]
[Source "ChessBase"]
[SourceDate "2023.07.31"]
[SourceVersion "1"]
[SourceVersionDate "2023.07.31"]
[SourceQuality "1"]

1. d4 Nf6 2. c4 g6 3. Nc3 d5 4. cxd5 Nxd5 5. Na4 e5 6. dxe5 Bb4+ 7. Bd2 Ne3 8. fxe3 Bxd2+ 9. Qxd2 Qh4+ 10. g3 Qxa4 11. Qd4 Qxd4 12. exd4 Nc6 13. e3 Nb4 14. Kd2 Be6 15. Bg2 c6 16. a3 Nd5 17. Nf3 h6 18. Ne1 Nb6 19. Nd3 0-0-0 20. Rae1 Bd5 21. Bxd5 Nxd5 22. Rhf1 Rdf8 23. e4 Nb6 24. Nc5 Rd8 25. Kc3 Nd7 26. b4 Nxc5 27. bxc5 Rd7 28. Rf6 Rhd8 29. Rd6 Re7 30. g4 Rdd7 31. Rf1 Kd8 32. h4 b6 33. cxb6 axb6 34. Rxc6 Ra7 35. Kb4 Ra6 36. Rd6+ Ke8 37. e6 fxe6 38. Rf6 Rea7 39. Rfxe6+ Kf7 40. Rf6+ Ke7 41. Rde6+ Kd7 42. d5 Ra4+ 43. Kc3 R7a5 44. Rxg6 b5 45. Rg7+ Kd8 46. Rxh6 Rxe4 47. Rh8+ Re8 48. Rxe8+ Kxe8 49. Kb4 Ra7 50. Rxa7 1-0

[Event "Dubai op-B 23rd"]
[Site "Dubai"]
[Date "2023.05.31"]
[Round "5"]
[White "Barretto, Franz"]
[Black "Ahmad, Al Romaithi"]
[Result "0-1"]
[WhiteElo "2130"]
[BlackElo "1845"]
[PlyCount "110"]
[EventDate "2023.05.27"]
[EventType "swiss"]
[EventRounds "9"]
[EventCountry "UAE"]
[SourceTitle "CBM 214 Extra"]
[Source "ChessBase"]
[SourceDate "2023.07.31"]
[SourceVersion "1"]
[SourceVersionDate "2023.07.31"]
[SourceQuality "1"]

1. d4 Nf6 2. Nf3 d5 3. c4 g6 4. Nc3 Bg7 5. cxd5 Nxd5 6. e4 Nxc3 7. bxc3 c5 8. Be2 Nc6 9. Be3 Qa5 10. Qd2 cxd4 11. cxd4 Qxd2+ 12. Kxd2 0-0 13. Rac1 Rd8 14. Rhd1 Nxd4 15. Nxd4 e5 16. Rc7 exd4 17. Bg5 Re8 18. Bc4 Be6 19. Bxe6 Rxe6 20. Rdc1 Rxe4 21. Rxb7 Rg4 22. Rxa7 Re8 23. Re1 Rb8 24. Rb1 Rc8 25. Be7 Rxg2 26. Bh4 Be5 27. Rbb7 Rxh2 28. Bg5 Rxf2+ 29. Kd3 h5 30. a4 Rg2 31. Bd2 h4 32. Rxf7 h3 33. Rh7 h2 34. Bf4 Rc7 35. Rxh2 Rxh2 36. Ra8+ Kf7 37. Bxe5 Rh3+ 38. Kxd4 Rd7+ 39. Kc4 Ke6 40. Bb8 Rh4+ 41. Kc3 Rd8 42. Ra6+ Kd5 43. Bg3 Rg4 44. Bf2 Rc8+ 45. Kd3 Rg2 46. Ra5+ Kd6 47. Be1 Rc6 48. Bb4+ Ke6 49. Ra8 Rb2 50. Be1 Kf5 51. a5 Ra2 52. Kd4 Ra1 53. Kd5 Rc2 54. Rf8+ Kg4 55. Rf1 Rd1+ 0-1

[Event "Dubai op-B 23rd"]
[Site "Dubai"]
[Date "2023.05.27"]
[Round "1"]
[White "Yashvir, Mohammad"]
[Black "Ahmad, Al Romaithi"]
[Result "0-1"]
[WhiteElo "1347"]
[BlackElo "1845"]
[PlyCount "44"]
[EventDate "2023.05.27"]
[EventType "swiss"]
[EventRounds "9"]
[EventCountry "UAE"]
[SourceTitle "CBM 214 Extra"]
[Source "ChessBase"]
[SourceDate "2023.07.31"]
[SourceVersion "1"]
[SourceVersionDate "2023.07.31"]
[SourceQuality "1"]

1. e4 c5 2. Nf3 d6 3. d4 cxd4 4. Nxd4 Nf6 5. Nc3 g6 6. Be3 Bg7 7. f3 0-0 8. Be2 Nc6 9. 0-0 Qb6 10. Na4 Qa5 11. Nc3 Qb6 12. Na4 Qa5 13. Nc3 Bd7 14. Nb3 Qc7 15. Qd2 Rfc8 16. Bh6 Bh8 17. f4 a6 18. f5 Ne5 19. h3 Nc4 20. Nd5 Nxd5 21. Qxd5 e6 22. Qxc4 Qb6+ 0-1

[Event "Abu Dhabi President Cup"]
[Site "Abu Dhabi"]
[Date "2022.12.21"]
[Round "7"]
[White "Mohammad Abdulrahman, Alawadhi"]
[Black "Ahmad, Al Romaithi"]
[Result "0-1"]
[WhiteElo "1607"]
[BlackElo "1867"]
[PlyCount "82"]
[EventDate "2022.12.16"]
[EventType "swiss"]
[EventRounds "9"]
[EventCountry "UAE"]
[SourceTitle "CBM 212 Extra"]
[Source "ChessBase"]
[SourceDate "2023.03.31"]
[SourceVersion "1"]
[SourceVersionDate "2023.03.31"]
[SourceQuality "1"]

1. e4 c5 2. Nf3 d6 3. d4 cxd4 4. Nxd4 Nf6 5. Nc3 g6 6. Be3 Bg7 7. Be2 0-0 8. 0-0 Nc6 9. Nb3 Be6 10. f4 b5 11. Bxb5 Ng4 12. Qe2 Nxe3 13. Qxe3 Nb4 14. Rac1 Qc8 15. e5 dxe5 16. fxe5 Qb8 17. Rfe1 Nxa2 18. Nxa2 Qxb5 19. Nc3 Qb4 20. Nd4 Qxb2 21. Rb1 Qa3 22. Ndb5 Qa5 23. Ra1 Qb6 24. Rxa7 Qxe3+ 25. Rxe3 Rxa7 26. Nxa7 Bh6 27. Re4 Bf5 28. Re2 Bxc2 29. Nc6 Bd3 30. Nxe7+ Kg7 31. Ra2 Re8 32. Ncd5 Bc4 33. Ra1 Bg5 34. Ra4 Bb5 35. Rb4 Bd7 36. Rb7 Be6 37. Nf6 Bxf6 38. exf6+ Kxf6 39. Nc6 Bd5 40. Rb6 Re6 41. Nb4 Ke5 0-1

[Event "Abu Dhabi President Cup"]
[Site "Abu Dhabi"]
[Date "2022.12.19"]
[Round "5"]
[White "Ahmed Waqqas, Alawlaqi"]
[Black "Ahmad, Al Romaithi"]
[Result "0-1"]
[WhiteElo "1369"]
[BlackElo "1867"]
[PlyCount "87"]
[EventDate "2022.12.16"]
[EventType "swiss"]
[EventRounds "9"]
[EventCountry "UAE"]
[SourceTitle "CBM 212 Extra"]
[Source "ChessBase"]
[SourceDate "2023.03.31"]
[SourceVersion "1"]
[SourceVersionDate "2023.03.31"]
[SourceQuality "1"]

1. Nf3 c5 2. g3 Nf6 3. Bg2 d5 4. 0-0 e6 5. d4 Nc6 6. e3 Be7 7. b3 0-0 8. Bb2 b6 9. c4 cxd4 10. Nxd4 Bb7 11. Nxc6 Bxc6 12. Nc3 Qc8 13. cxd5 exd5 14. Ne2 Bb5 15. Re1 Bb4 16. Rc1 Qa6 17. Bc3 Ba3 18. Rc2 Bd3 19. Rd2 Bxe2 20. Qxe2 Qxe2 21. Rexe2 Ne4 22. Bxe4 dxe4 23. Bb2 Bc5 24. Rd5 a5 25. Bd4 Rfd8 26. Rxd8+ Rxd8 27. Bxc5 bxc5 28. Rc2 Rd1+ 29. Kg2 Rd5 30. a4 Kf8 31. Rb2 Ke7 32. g4 Rd8 33. h4 Rb8 34. Rc2 Kd6 35. Rc4 Rxb3 36. Rxe4 Rb4 37. Re8 Rxg4+ 38. Kh3 Rxa4 39. f4 f5 40. Kg2 Re4 41. Rd8+ Kc7 42. Rd3 c4 43. Ra3 Kb6 44. Ra1 0-1

[Event "Abu Dhabi President Cup"]
[Site "Abu Dhabi"]
[Date "2022.12.17"]
[Round "3"]
[White "Hazza, Salah Mohammed"]
[Black "Ahmad, Al Romaithi"]
[Result "0-1"]
[WhiteElo "1378"]
[BlackElo "1867"]
[PlyCount "56"]
[EventDate "2022.12.16"]
[EventType "swiss"]
[EventRounds "9"]
[EventCountry "UAE"]
[SourceTitle "CBM 212 Extra"]
[Source "ChessBase"]
[SourceDate "2023.03.31"]
[SourceVersion "1"]
[SourceVersionDate "2023.03.31"]
[SourceQuality "1"]

1. e4 c5 2. Nf3 d6 3. d4 cxd4 4. Nxd4 Nf6 5. Nc3 g6 6. Be3 Bg7 7. Be2 0-0 8. 0-0 Nc6 9. Nb3 Be6 10. f4 Qc8 11. Kh1 Rd8 12. Bg1 d5 13. e5 Ne4 14. Nxe4 dxe4 15. Qe1 f6 16. exf6 Bxf6 17. c3 b6 18. Bb5 a6 19. Bxc6 Qxc6 20. Bd4 Bd5 21. Qh4 e3 22. Rg1 e5 23. Bxe5 e2 24. Qg4 Bc4 25. f5 Rd5 26. Qf4 Re8 27. Bd4 Rxf5 28. Qg3 Rf8 0-1

[Event "Dubai op 22nd"]
[Site "Dubai"]
[Date "2022.09.01"]
[Round "6"]
[White "Laxman, Rajaram"]
[Black "Ahmad, Al Romaithi"]
[Result "1-0"]
[WhiteElo "2381"]
[BlackElo "1799"]
[PlyCount "87"]
[EventDate "2022.08.27"]
[EventType "swiss"]
[EventRounds "9"]
[EventCountry "UAE"]
[SourceTitle "CBM 210 Extra"]
[Source "ChessBase"]
[SourceDate "2022.11.30"]
[SourceVersion "1"]
[SourceVersionDate "2022.11.30"]
[SourceQuality "1"]

1. d4 Nf6 2. Nf3 g6 3. g3 Bg7 4. Bg2 0-0 5. 0-0 d5 6. Bf4 c5 7. c3 cxd4 8. cxd4 Qb6 9. Qb3 Qxb3 10. axb3 Nc6 11. Nc3 Bf5 12. Rfc1 Rfd8 13. h3 Ne4 14. g4 Nxc3 15. bxc3 Be4 16. e3 b6 17. b4 Rdc8 18. Nd2 Bxg2 19. Kxg2 e5 20. Bg3 exd4 21. cxd4 a5 22. bxa5 bxa5 23. Bd6 Bf8 24. Bxf8 Kxf8 25. Nb3 a4 26. Nc5 Nb4 27. Rcb1 Rxc5 28. dxc5 Nd3 29. c6 Rc8 30. Rxa4 Rxc6 31. Rd4 Ne5 32. Rxd5 Re6 33. Rb8+ Kg7 34. g5 h6 35. h4 hxg5 36. hxg5 Nc6 37. Rb6 Re5 38. Rxe5 Nxe5 39. Rb5 Nc4 40. Rc5 Nd6 41. f4 Nf5 42. Kf3 Nh4+ 43. Kg4 Ng2 44. Rc3 1-0

[Event "UAE-ch President Cup"]
[Site "Abu Dhabi"]
[Date "2019.12.23"]
[Round "9"]
[White "Ahmad, Al Romaithi"]
[Black "Ammar, Sedrani"]
[Result "0-1"]
[WhiteElo "1801"]
[BlackElo "2145"]
[PlyCount "40"]
[EventDate "2019.12.15"]
[EventType "swiss"]
[EventRounds "9"]
[EventCountry "UAE"]
[SourceTitle "CBM 193 Extra"]
[Source "ChessBase"]
[SourceDate "2020.01.31"]
[SourceVersion "1"]
[SourceVersionDate "2020.01.31"]
[SourceQuality "1"]

1. e4 c6 2. d4 d5 3. e5 c5 4. Nf3 Nc6 5. c4 cxd4 6. Nxd4 Nxe5 7. cxd5 Qxd5 8. Nc3 Qd8 9. Bb5+ Bd7 10. Bf4 Nc6 11. Nd5 e5 12. Bxe5 Nxe5 13. Qe2 f6 14. f4 Qa5+ 15. Kf1 0-0-0 16. fxe5 Bxb5 17. Nxb5 Rxd5 18. Rc1+ Kb8 19. Nc7 Rxe5 20. Qc4 Rc5 0-1

[Event "UAE-ch President Cup"]
[Site "Abu Dhabi"]
[Date "2019.12.22"]
[Round "8"]
[White "Al Hosani, Omran"]
[Black "Ahmad, Al Romaithi"]
[Result "1/2-1/2"]
[WhiteElo "2289"]
[BlackElo "1801"]
[PlyCount "60"]
[EventDate "2019.12.15"]
[EventType "swiss"]
[EventRounds "9"]
[EventCountry "UAE"]
[SourceTitle "CBM 193 Extra"]
[Source "ChessBase"]
[SourceDate "2020.01.31"]
[SourceVersion "1"]
[SourceVersionDate "2020.01.31"]
[SourceQuality "1"]

1. d4 Nf6 2. Nf3 g6 3. g3 Bg7 4. Bg2 0-0 5. 0-0 d6 6. c4 Nbd7 7. Nc3 e5 8. dxe5 dxe5 9. Qb3 c6 10. Rd1 Qe7 11. Ng5 Nc5 12. Qa3 Re8 13. b4 Ne6 14. Nge4 Nxe4 15. Nxe4 Nd4 16. Qb2 f5 17. Nc5 Ne6 18. Qa3 Nxc5 19. bxc5 Be6 20. Qb3 e4 21. Rb1 Qxc5 22. Be3 Qxc4 23. Qxb7 Bd5 24. a3 Qa4 25. Qd7 Red8 26. Qc7 Rdc8 27. Qd7 Rd8 28. Qc7 Rdc8 29. Qe7 Re8 30. Qd7 Bb3 1/2-1/2

[Event "Asian Cities-chT"]
[Site "Dhaka"]
[Date "2019.07.16"]
[Round "8.5"]
[White "Ahmad, Al Romaithi"]
[Black "Liu, Yeh Yang"]
[Result "1/2-1/2"]
[WhiteElo "1786"]
[BlackElo "1955"]
[PlyCount "123"]
[EventDate "2019.07.10"]
[EventType "team-swiss"]
[EventRounds "9"]
[EventCountry "BAN"]
[SourceTitle "EXT 2020"]
[Source "ChessBase"]
[SourceDate "2019.10.17"]
[SourceVersion "1"]
[SourceVersionDate "2019.10.17"]
[SourceQuality "1"]
[WhiteTeam "Dubai"]
[BlackTeam "Chinese Taipei"]
[WhiteTeamCountry "UAE"]
[BlackTeamCountry "TPE"]

1. e4 c5 2. Nf3 d6 3. d4 cxd4 4. Nxd4 Nf6 5. Nc3 a6 6. Bg5 Nbd7 7. f4 Qc7 8. Be2 b5 9. a3 Bb7 10. Bf3 e6 11. Bh4 Be7 12. Bf2 Nc5 13. Qe2 Rc8 14. 0-0 0-0 15. e5 Bxf3 16. Nxf3 dxe5 17. Nxe5 Rfd8 18. Rad1 Qb7 19. Rxd8+ Rxd8 20. Rd1 Rxd1+ 21. Qxd1 g6 22. Qf3 Nfe4 23. b4 Nxc3 24. Qxc3 Ne4 25. Qc6 Qxc6 26. Nxc6 Bd6 27. Be3 Kf8 28. Na5 Bc7 29. c4 Bxa5 30. cxb5 Bb6 31. Bxb6 axb5 32. Be3 Ke7 33. Kf1 Kd6 34. Ke2 Kd5 35. Kd3 Nd6 36. Bc1 Nc4 37. Kc3 h5 38. g3 f6 39. Kd3 e5 40. fxe5 Nxe5+ 41. Kc3 Nf3 42. h4 Nd4 43. Kd3 Nf3 44. Bf4 g5 45. hxg5 fxg5 46. Bc7 Ne5+ 47. Ke3 Nc4+ 48. Kf3 Nxa3 49. Bd8 g4+ 50. Kf4 Nc2 51. Be7 Nd4 52. Kg5 Ke4 53. Bd6 Kf3 54. Be5 Nc2 55. Bd6 Nxb4 56. Bxb4 Kxg3 57. Kxh5 Kf3 58. Kh4 g3 59. Bc5 g2 60. Kh3 b4 61. Kh2 b3 62. Bd4 1/2-1/2

[Event "Asian Cities-chT"]
[Site "Dhaka"]
[Date "2019.07.15"]
[Round "7.2"]
[White "Rahman, Ziaur"]
[Black "Ahmad, Al Romaithi"]
[Result "1-0"]
[WhiteElo "2487"]
[BlackElo "1786"]
[PlyCount "101"]
[EventDate "2019.07.10"]
[EventType "team-swiss"]
[EventRounds "9"]
[EventCountry "BAN"]
[SourceTitle "EXT 2020"]
[Source "ChessBase"]
[SourceDate "2019.10.17"]
[SourceVersion "1"]
[SourceVersionDate "2019.10.17"]
[SourceQuality "1"]
[WhiteTeam "Gopalganj City"]
[BlackTeam "Dubai"]
[WhiteTeamCountry "BAN"]
[BlackTeamCountry "UAE"]

1. Nf3 Nf6 2. c4 g6 3. b3 Bg7 4. Bb2 0-0 5. g3 c5 6. Bg2 Nc6 7. 0-0 d6 8. d4 cxd4 9. Nxd4 Bd7 10. Nc3 Qc8 11. Rc1 Bh3 12. Nd5 Re8 13. Nxc6 bxc6 14. Bxf6 exf6 15. Nc3 Bxg2 16. Kxg2 Qe6 17. e3 f5 18. Qf3 Bxc3 19. Rxc3 Qe4 20. Rd1 Rad8 21. Rcd3 Re6 22. Rd4 Qxf3+ 23. Kxf3 Kf8 24. c5 d5 25. Ra4 Rd7 26. Rdd4 Rb7 27. Ra6 Rb5 28. b4 Rb7 29. Kf4 Ke7 30. Kg5 h5 31. a4 Rc7 32. Ra5 Re5 33. Kf4 f6 34. h4 Ke6 35. Kf3 Re4 36. Ke2 Rb7 37. b5 cxb5 38. axb5 Rc7 39. Ra6+ Ke7 40. Rxd5 Re5 41. Rdd6 Rcxc5 42. Rxf6 Rxb5 43. Rxg6 Kf7 44. Rh6 Kg7 45. Rxh5 Ra5 46. Rg5+ Kf7 47. Rxa5 Rxa5 48. h5 Rb5 49. h6 Kf6 50. h7 Rb2+ 51. Kf3 1-0

[Event "Dubai The Arbor blitz op"]
[Site "Dubai"]
[Date "2019.04.12"]
[Round "5"]
[White "Polavarapu, Prudhvi"]
[Black "Ahmad, Al Romaithi"]
[Result "0-1"]
[WhiteElo "1457"]
[BlackElo "1804"]
[PlyCount "60"]
[EventDate "2019.04.12"]
[EventType "swiss (blitz)"]
[EventRounds "9"]
[EventCountry "UAE"]
[SourceTitle "CBM 189 Extra"]
[Source "ChessBase"]
[SourceDate "2019.06.03"]
[SourceVersion "1"]
[SourceVersionDate "2019.06.03"]
[SourceQuality "1"]

1. e4 c5 2. Nf3 d6 3. b3 Nc6 4. Bb2 e5 5. Nc3 g6 6. h3 Bg7 7. d3 Nge7 8. Be2 0-0 9. 0-0 h6 10. Nh2 f5 11. Bc1 Be6 12. Bd2 Nd4 13. Re1 f4 14. f3 Kh7 15. Bf1 Bf6 16. Qc1 Bh4 17. Rd1 b5 18. Ne2 Rc8 19. Be1 Bf6 20. c3 Ndc6 21. c4 a6 22. Rb1 Nd4 23. Nxd4 cxd4 24. Qa3 Qb6 25. Ba5 Qb8 26. Bb4 Rfd8 27. Qxa6 Nc6 28. Be1 b4 29. Ng4 Be7 30. Qb5 Qc7 0-1

[Event "Dubai op 21st"]
[Site "Dubai"]
[Date "2019.04.02"]
[Round "2"]
[White "Laxman, Rajaram"]
[Black "Ahmad, Al Romaithi"]
[Result "1-0"]
[WhiteElo "2425"]
[BlackElo "1763"]
[PlyCount "51"]
[EventDate "2019.04.01"]
[EventType "swiss"]
[EventRounds "9"]
[EventCountry "UAE"]
[SourceTitle "CBM 189 Extra"]
[Source "ChessBase"]
[SourceDate "2019.06.03"]
[SourceVersion "1"]
[SourceVersionDate "2019.06.03"]
[SourceQuality "1"]

1. d4 Nf6 2. Nf3 e6 3. c4 d5 4. g3 Bb4+ 5. Bd2 Be7 6. Bg2 0-0 7. 0-0 Nbd7 8. Qc2 c6 9. Bf4 b6 10. Rd1 Bb7 11. b3 Rc8 12. Nc3 Nh5 13. Bc1 f5 14. Bb2 Bd6 15. e3 Qe7 16. Ne2 Nhf6 17. Nf4 dxc4 18. bxc4 c5 19. d5 exd5 20. Nh4 g6 21. Nxd5 Bxd5 22. Bxd5+ Nxd5 23. Rxd5 Nf6 24. Qc3 Kf7 25. Qxf6+ Qxf6 26. Bxf6 1-0

[Event "UAE President Cup"]
[Site "Ajman"]
[Date "2019.01.05"]
[Round "5"]
[White "Mohamed, Marshool"]
[Black "Ahmad, Al Romaithi"]
[Result "1/2-1/2"]
[WhiteElo "1715"]
[BlackElo "1786"]
[PlyCount "44"]
[EventDate "2019.01.02"]
[EventType "swiss"]
[EventRounds "9"]
[EventCountry "UAE"]
[SourceTitle "CBM 188 Extra"]
[Source "ChessBase"]
[SourceDate "2019.02.26"]
[SourceVersion "1"]
[SourceVersionDate "2019.02.26"]
[SourceQuality "1"]

1. e4 c5 2. Nf3 d6 3. d4 cxd4 4. Nxd4 Nf6 5. Nc3 g6 6. f3 Bg7 7. Be3 0-0 8. Qd2 Nc6 9. g4 Bxg4 10. fxg4 Nxg4 11. Nxc6 bxc6 12. Be2 Nxe3 13. Qxe3 Rb8 14. 0-0-0 Qa5 15. Bc4 e6 16. Bb3 c5 17. h4 Rfc8 18. Qd3 Be5 19. Rh3 Qc7 20. Bc4 Qb7 21. b3 Qb4 22. Rg1 Qa3+ 1/2-1/2

[Event "UAE President Cup"]
[Site "Ajman"]
[Date "2019.01.03"]
[Round "2"]
[White "Salem, Ahmed Salem"]
[Black "Ahmad, Al Romaithi"]
[Result "1/2-1/2"]
[WhiteElo "2051"]
[BlackElo "1786"]
[PlyCount "123"]
[EventDate "2019.01.02"]
[EventType "swiss"]
[EventRounds "9"]
[EventCountry "UAE"]
[SourceTitle "CBM 188 Extra"]
[Source "ChessBase"]
[SourceDate "2019.02.26"]
[SourceVersion "1"]
[SourceVersionDate "2019.02.26"]
[SourceQuality "1"]

1. e4 c5 2. Nf3 d6 3. d4 cxd4 4. Qxd4 Nc6 5. Bb5 Bd7 6. Bxc6 Bxc6 7. Nc3 Nf6 8. Bg5 Nd7 9. 0-0-0 Qb6 10. Qd2 g6 11. Be3 Qa5 12. Bd4 Rg8 13. Kb1 Nc5 14. Ne1 Ne6 15. Be3 Bg7 16. f3 Rc8 17. Nd3 Bxc3 18. Qxc3 Qxc3 19. bxc3 b6 20. Nf4 Nxf4 21. Bxf4 Bb5 22. e5 dxe5 23. Bxe5 f6 24. Bf4 Rxc3 25. Bc1 Kf7 26. Bb2 Rc6 27. Rd2 Rgc8 28. Rc1 R6c7 29. Rd4 Rc4 30. Rxc4 Rxc4 31. Rd1 e5 32. Rd8 Ba4 33. c3 Rc7 34. Kc1 Ke6 35. Kd2 Rd7+ 36. Rxd7 Bxd7 37. Ba3 Bb5 38. Bf8 Kd5 39. Bg7 f5 40. g3 Bc4 41. a3 Bf1 42. h4 Bg2 43. Ke3 Kc4 44. Bxe5 Kb3 45. Bb8 a6 46. Bd6 Kxc3 47. g4 fxg4 48. fxg4 b5 49. Bb4+ Kc4 50. Kf4 Kb3 51. Ke3 Ka4 52. Kd2 a5 53. Bf8 b4 54. axb4 axb4 55. Kc1 Kb3 56. g5 Be4 57. Bg7 Bf5 58. Bf6 Kc4 59. Be5 Kd5 60. Bg3 Ke4 61. Kb2 Kf3 62. Be1 1/2-1/2

[Event "Al Ain U20 op 1st"]
[Site "Al Ain"]
[Date "2017.12.31"]
[Round "3"]
[White "Garayev, Kanan Farzali Oglu"]
[Black "Ahmad, Al Romaithi"]
[Result "1/2-1/2"]
[WhiteElo "2260"]
[BlackElo "1643"]
[PlyCount "131"]
[EventDate "2017.12.30"]
[EventType "swiss"]
[EventRounds "9"]
[EventCountry "UAE"]
[SourceTitle "CBM 182 Extra"]
[Source "ChessBase"]
[SourceDate "2018.02.23"]
[SourceVersion "1"]
[SourceVersionDate "2018.02.23"]
[SourceQuality "1"]

1. e4 c5 2. Ne2 d6 3. g3 Nc6 4. Bg2 g6 5. c3 Bg7 6. d4 cxd4 7. cxd4 Nf6 8. 0-0 0-0 9. Nbc3 Bd7 10. h3 Qa5 11. Be3 Qh5 12. Qd2 e5 13. g4 Nxg4 14. Ng3 Qh4 15. hxg4 exd4 16. Bg5 dxc3 17. bxc3 Bxc3 18. Qe3 Qxg4 19. Bh6 Bxa1 20. Rxa1 Rfe8 21. Qc3 Ne5 22. f4 Rac8 23. Qe3 Rc2 24. fxe5 Rxe5 25. Rf1 Bc6 26. Qb3 Rxg2+ 27. Kxg2 Bxe4+ 28. Kg1 Bd5 29. Qc3 Qh3 30. Ne4 Qxc3 31. Nxc3 Rh5 32. Nxd5 Rxh6 33. Rc1 Rh4 34. Rc8+ Kg7 35. Rc7 Ra4 36. Nc3 Ra3 37. Nb5 Rxa2 38. Nxd6 Kf6 39. Rxb7 h5 40. Nxf7 g5 41. Nd6 h4 42. Ne4+ Kf5 43. Nf2 a5 44. Rb5+ Kf4 45. Nh3+ Kg3 46. Rb3+ Kg4 47. Nf2+ Kh5 48. Rb5 Ra4 49. Kg2 Ra3 50. Ne4 h3+ 51. Kh2 Kh4 52. Nxg5 Ra2+ 53. Kh1 a4 54. Ne4 a3 55. Ra5 Re2 56. Ra4 Re1+ 57. Kh2 Re2+ 58. Kg1 Rg2+ 59. Kh1 Rg4 60. Rxa3 Rxe4 61. Ra8 Re1+ 62. Kh2 Re2+ 63. Kh1 Re1+ 64. Kh2 Re2+ 65. Kh1 Kg3 66. Rg8+ 1/2-1/2